[Event "Naestved op"]
[Site "Naestved"]
[Date "1988.??.??"]
[Round "8"]
[White "Ahlander, Bjorn"]
[Black "Barbero, Gerardo F"]
[Result "1-0"]
[WhiteElo "2395"]
[BlackElo "2505"]
[Annotator "ChessBase"]
[PlyCount "67"]
[EventDate "1988.07.??"]
[EventType "swiss"]
[EventRounds "9"]
[EventCountry "DEN"]
[SourceTitle "EXT 2000"]
[Source "ChessBase"]
[SourceDate "1999.11.16"]
[SourceVersion "1"]
[SourceVersionDate "1999.11.16"]
[SourceQuality "1"]

1. d4 Nf6 2. c4 e6 3. Nf3 d5 4. Nc3 c6 5. cxd5 exd5 6. Bg5 Be7 7. Qc2 O-O 8. e3
Nbd7 9. Bd3 Re8 10. O-O Nf8 11. Rae1 g6 12. Ne5 Ne6 13. f4 Ng7 14. h3 Bf5 15.
g4 Bxd3 16. Qxd3 Ne6 (16... Ne4 17. Nxe4 dxe4 18. Qb3 Qd5 19. Qxb7 $16) 17. Bh6
Nd7 $2 {(.) 17... f8} 18. Nxf7 $1 Kxf7 19. f5 Kg8 (19... Ng7 20. fxg6+ Kg8 21.
gxh7+ Kh8 22. Rf7 Bf6 23. Rf1 $18) (19... Ng5 20. fxg6+ Kg8 21. gxh7+ Kh8 22.
Qg6 Bf6 23. Bxg5 Bxg5 24. Rf7 Bf6 25. Rf1 $18) 20. fxe6 Nf8 21. e4 $1 Bh4 22.
Qf3 Nxe6 23. Qf7+ Kh8 24. exd5 $1 Bxe1 25. Rxe1 Qh4 (25... Qc7 26. Bg7+ Nxg7
27. Rxe8+ Rxe8 28. Qxc7 $18) 26. Rxe6 $1 Qg3+ 27. Kf1 Qxh3+ 28. Ke2 Rxe6+ 29.
dxe6 Qxh6 (29... Qxg4+ 30. Kd2 Qg2+ 31. Ne2 $18) 30. e7 Qh2+ 31. Kd3 Qb8 (31...
Qg3+ 32. Kc2 Qh2+ 33. Kb3 Qb8 34. Qf6+ Kg8 35. Ne4 $18) 32. Ne4 Qe8 (32... Qg8
33. Nd6 Qxf7 34. Nxf7+ Kg7 35. Nd8 $18) 33. Qf6+ Kg8 34. Nd6 1-0

[Event "Interpolis"]
[Site "Tilburg"]
[Date "1992.10.12"]
[Round "2.2"]
[White "Epishin, Vladimir"]
[Black "Ivanchuk, Vassily"]
[Result "0-1"]
[WhiteElo "2630"]
[BlackElo "2720"]
[Annotator "ChessBase"]
[PlyCount "150"]
[EventDate "1992.10.08"]
[EventType "k.o."]
[EventRounds "7"]
[EventCountry "NED"]
[SourceTitle "CBM 032"]
[Source "ChessBase"]
[SourceDate "1993.02.01"]
[SourceVersion "1"]
[SourceVersionDate "1993.02.01"]
[SourceQuality "1"]

1. d4 Nf6 2. c4 e6 3. Nf3 d5 4. Nc3 Nbd7 5. cxd5 exd5 6. Bf4 c6 7. Qc2 Bb4 8.
e3 Nh5 9. Bg5 Be7 10. Bxe7 Qxe7 11. O-O-O Nb6 12. h3 g6 13. Bd3 Ng7 14. g4 Bd7
(14... Be6 15. Ne2 {Kasparov,G-Smyslov,V/URS-ch Moscow/1988/}) 15. Kb1 O-O-O (
15... Ne6) 16. Qb3 $5 Be6 $6 (16... Kb8 17. a4 Be6 18. a5 Nc4 19. a6 (19. Bxc4
dxc4 20. Qa3 Qxa3 21. bxa3 Ne8 22. a6 Nd6 23. axb7 Bd5 $1) (19. Qa4 Qf6 20. Be2
$14) 19... b5 (19... b6 20. Bxc4 dxc4 21. Ne5) 20. Na2 Qf6 $1 $13) (16... Ne8
17. a4 Be6 18. a5 Nc4 19. Qa4 $5 $14) 17. Rc1 Kb8 18. Na4 Nxa4 19. Qxa4 Rd6 $2
(19... Rc8 20. Rc3 h5 21. Rg1 hxg4 22. hxg4 $14) (19... h5 20. Ne5 Rc8 21. f4
$14) 20. Rc3 Rc8 21. Rhc1 f6 22. Ra3 (22. Nd2 Rc7 23. Nb3 b6 24. Rxc6 Rcxc6 25.
Rxc6 Bd7 26. Na5 Qe8 (26... Ka8 27. Rc7 $18) 27. Bb5 bxa5 28. Rxd6 Bxb5 29.
Qxa5 $18) 22... b6 23. g5 (23. Ne1 Ne8 24. Nc2 $14) 23... Rc7 24. gxf6 Qxf6 25.
Ne5 Bf5 26. Bxf5 $6 (26. Ka1 Bxd3 27. Nxd3 Nf5 28. Nb4 $40) 26... Nxf5 27. f4
Ng3 $1 28. b4 Ne4 29. Ka1 h6 30. Qc2 g5 31. fxg5 hxg5 32. Rb3 Re6 33. Qh2 Qf2 (
33... Kb7 $1) 34. Qxf2 Nxf2 35. Rbc3 Kb7 36. b5 c5 37. Nc6 Rexc6 38. bxc6+ Rxc6
39. dxc5 Ne4 40. Rd3 Nxc5 41. Rdd1 Re6 42. Rxd5 Rxe3 43. Rh1 (43. Rxg5 Rxh3 $14
) 43... Rg3 44. Rd4 Re3 45. Rg4 Ne4 46. Rc1 Nc5 47. Rh1 Ne4 48. Rh2 Kc6 49. Kb2
a5 50. Rgg2 Rf3 51. Rc2+ Kb5 52. Rc8 Nd6 53. Rg8 Nc4+ 54. Kc1 Rg3 55. Kd1 Kb4
56. Ke1 b5 57. Rh8 (57. Kf2 Ra3) 57... a4 58. Rh5 Ka3 59. Rc2 (59. Kf2 Rc3 60.
Rxg5 b4 $132) 59... Rg1+ $2 (59... Re3+ 60. Kf2 Re5) 60. Kf2 Rh1 61. Kg3 Nd6
62. Re2 (62. Kg2 $1) 62... Ra1 63. Rxg5 Rxa2 64. Re6 Rd2 65. h4 Kb4 66. Rg4+
Kc5 67. Re5+ Rd5 68. Rgg5 Rxe5 69. Rxe5+ Kd4 70. Kf4 a3 71. Re6 Kd5 72. Re5+
Kd4 73. Re7 b4 74. Ra7 Nb5 75. Ra5 b3 {Time} 0-1

[Event "FIDE-Wch k.o."]
[Site "Groningen"]
[Date "1997.10.15"]
[Round "3.2"]
[White "Van Wely, Loek"]
[Black "Piket, Jeroen"]
[Result "1/2-1/2"]
[WhiteElo "2655"]
[BlackElo "2630"]
[Annotator "ChessBase"]
[PlyCount "103"]
[EventDate "1997.12.09"]
[EventType "k.o."]
[EventRounds "7"]
[EventCountry "NED"]
[SourceTitle "CBM 063"]
[Source "ChessBase"]
[SourceDate "1998.03.26"]
[SourceVersion "1"]
[SourceVersionDate "1998.03.26"]
[SourceQuality "1"]

1. d4 Nf6 2. c4 e6 3. Nc3 d5 4. Nf3 Nbd7 5. cxd5 exd5 6. Bg5 Be7 7. e3 O-O 8.
Qc2 c6 9. Bd3 Re8 10. h3 Ne4 $2 {Für diesen Zug gibt es keine Notwendigkeit.
Schwarz bekommt für den Bauern nur wenig Kompensation.} (10... Nf8 $142 {
main line}) 11. Bxe4 dxe4 12. Nxe4 Qa5+ 13. Kf1 $1 (13. Qd2 Bb4 14. Nc3 Nb6 {
/\ Nb6-c4:b2} 15. a3 Nc4 16. Qc1 Bd6 17. O-O h6 18. Bf4 Bxf4 19. exf4 Qh5 20.
Ne5 Nd6 21. Qd1 Qf5 22. Qd2 f6 23. Nd3 {Arkell,K-Banchev,B/Toulouse op 1990/
EXT 90op2/1/2-1/2 (68)}) 13... Qf5 {Der Zug stellt eine Falle auf.} (13... h6
14. Bxe7 Rxe7 15. Ng3 b6 16. Qxc6 Qa6+ 17. Kg1 Bb7 18. Qd6 Re6 19. Qxd7 Bc6 20.
Qc7 Rc8 21. Qf4 Bxf3 22. Qxf3 Rc2 23. Kh2 Qc8 24. Nf5 Kh8 25. Qg3 Rg6 26. Qf4
Rf6 27. e4 Qd7 28. Rhc1 {1-0 Moeller,B-Ponce,N/Buenos Aires ol prel-C 1939/HCL
37}) (13... Bf8 14. Nc3 Nb6 (14... b5 15. Kg1 Nb6 16. Bf4 b4 17. Ne2 Bf5 18.
Qd1 h6 19. Kh2 Be4 20. Nd2 Nd5 21. Nxe4 Rxe4 22. Be5 f6 23. Ng3 Rxe3 24. fxe3
fxe5 25. Qb3 e4 26. Nxe4 Re8 27. Qd3 Qd8 28. Rhe1 Qh4 29. Nd2 Bd6+ 30. Kh1 Qg3
31. Nf1 Qh4 32. e4 Bf4 33. Qc4 Kh8 34. Qxc6 Nf6 35. e5 Re7 36. exf6 Rxe1 37. f7
{1-0 Videki,S-Robert,A/Biel-C 1990/EXT 90}) 15. g4 h6 16. Bh4 Nc4 17. e4 b5 18.
Kg2 Bb7 19. Rhe1 Qb4 20. Re2 a5 21. Rae1 a4 22. Nd1 a3 23. b3 Na5 24. Nc3 Rac8
25. Qd3 c5 26. Nd5 Bxd5 27. exd5 Rxe2 28. Rxe2 c4 29. Qf5 Ra8 30. bxc4 Nxc4 31.
Ne5 Nd6 32. Qd3 Ra4 33. Nc6 Qc4 34. Qf3 Ra8 35. Be7 b4 36. Ne5 Qc7 37. Nc6 Qb7
38. Qf4 Nc4 39. Bxf8 Rxf8 40. Ne7+ Kh7 41. Qf5+ Kh8 42. Ng6+ fxg6 43. Qxf8+ Kh7
44. Qf3 Qb5 45. h4 b3 46. h5 gxh5 47. Qf5+ Kh8 48. Re7 {1-0 Lazarev,V-Mai,I/
Meisdorf op 1996/EXT 96op2}) 14. Bxe7 (14. Rc1 $4 {sieht natürlich aus, aber}
Bxg5 15. Nexg5 Qxc2 16. Rxc2 h6 $19) 14... Rxe7 15. Nfd2 Nb6 16. Rc1 Nd5 17.
Kg1 Nb4 (17... Qg6 {wurde als Verbesserung vorgeschlagen.} 18. Nc3 Bf5 19. Qd1
$16) 18. Qb3 (18. Qa4 $142) 18... a5 19. Nd6 Qd3 20. Nxc8 Rxc8 21. Nc4 Qxb3 22.
axb3 b5 23. Nd6 Rd8 24. Nf5 Re6 25. g4 g6 26. Ng3 Nd3 27. Ra1 f5 28. Rd1 Nc5
29. gxf5 gxf5 30. Nxf5 Nxb3 31. Kh2 Rf6 32. Rhg1+ Kf8 33. Rg5 $1 h6 34. Rh5 a4
35. e4 b4 36. e5 Rg6 $1 37. Rd3 c5 $5 (37... Ra8 {Piket} 38. Nxh6 a3 39. bxa3
bxa3 40. Rf3+ Ke8 41. Nf5 Kd7 42. Rxb3 (42. Rh7+ Ke6 43. Re7+ Kd5 44. Rxb3 a2
45. Ne3+ Ke4 46. Nc2 $18) 42... a2 43. Rb7+ Ke6 44. Ne7 a1=Q 45. d5+ $1 cxd5
46. Nxg6 $18 {Van Wely}) 38. d5 $1 a3 39. bxa3 c4 40. Rf3 Nd2 41. Rf4 b3 42.
Nxh6+ (42. Nh4+ Kg7 43. e6 Rg5 44. Rf7+ (44. Nf5+ Kf6) 44... Kg8 45. Rxg5+ hxg5
46. Nf5 b2 47. Nh6+ Kh8 48. e7 (48. Rb7)) 42... Ke8 43. Ng4 b2 $6 (43... Rxd5
44. Nf6+ Rxf6 45. Rh8+ Rf8 $1 (45... Kf7 46. exf6 b2 47. Rh7+ Kf8 (47... Kg6
48. Rg7+ Kh6 (48... Kh5 49. f7) 49. Rh4+ Rh5 50. Rxh5+ Kxh5 51. f7) (47... Ke6
48. Re7+ Kd6 49. Rb7 c3 (49... b1=Q 50. Rxb1 Nxb1 51. f7) 50. f7) 48. f7 {
/\ 49.Rh8}) 46. Rfxf8+ Ke7 (46... Kd7 47. Rd8+ Kc6 48. e6) 47. Re8+ Kf7 (47...
Kd7 48. e6+ Kd6 49. Rd8+ Kc5 50. Rxd5+ Kxd5 51. e7) 48. e6+ Kf6 49. Rhf8+ Ke5
50. e7 Rd7 51. Rd8) 44. Rh8+ Ke7 45. Rh7+ Ke8 46. Rh8+ Ke7 47. Rh7+ Ke8 48.
Nf6+ $2 (48. d6 $1 {gewinnt relativ einfach und forciert:} Rdxd6 49. exd6 Rxd6
50. Rb7 b1=Q (50... c3 51. Ra4 $18) 51. Rxb1 Nxb1 52. Rxc4 Nxa3 53. Rc5 $18)
48... Kf8 49. Rh8+ Ke7 50. Rh7+ Kf8 51. Rh8+ Ke7 52. Rh7+ (52. d6+ Ke6 53. Rxd8
Kxe5 $1 $13) 1/2-1/2

[Event "Candidates Tournament Montpellier"]
[Site "Montpellier"]
[Date "1985.10.??"]
[Round "8"]
[White "Spraggett, Kevin"]
[Black "Beliavsky, Alexander G"]
[Result "0-1"]
[WhiteElo "2550"]
[BlackElo "2640"]
[Annotator "ChessBase"]
[PlyCount "80"]
[EventDate "1985.10.13"]
[EventType "tourn"]
[EventRounds "15"]
[EventCountry "FRA"]
[EventCategory "14"]
[SourceTitle "Candidates"]
[Source "ChessBase"]
[SourceDate "1999.07.01"]
[SourceVersion "2"]
[SourceVersionDate "1999.07.01"]
[SourceQuality "1"]

1. c4 e6 2. Nc3 d5 3. d4 Nf6 4. cxd5 exd5 5. Bg5 Be7 6. e3 O-O 7. Bd3 c6 8. Qc2
Nbd7 9. Nf3 Re8 10. h3 Nf8 11. Bf4 Bd6 12. Bxd6 Qxd6 13. O-O (13. O-O-O $1)
13... Qe7 14. Rab1 Ne4 15. b4 Bf5 16. Na4 Rad8 17. b5 Rd6 18. bxc6 Rxc6 19. Qd1
b6 20. Ne5 Rc7 21. Bb5 Nd7 22. f3 Nd6 23. Bxd7 Bxd7 24. Re1 Rec8 25. Nb2 Bf5
26. Nbd3 f6 27. Ng4 Bxd3 28. Qxd3 Rc3 29. Qa6 h5 30. Nf2 Rxe3 31. Rxe3 Qxe3 32.
Qxa7 Rc2 33. Rf1 Nf5 34. Qxb6 Nxd4 35. Qd8+ Kh7 36. Qxd5 Ne2+ 37. Kh2 Qf4+ 38.
Kh1 Ng3+ 39. Kg1 Qe3 40. Qd1 Rc1 0-1

[Event "EU-chT (Men) 09th"]
[Site "Haifa"]
[Date "1989.??.??"]
[Round "5.2"]
[White "Greenfeld, Alon"]
[Black "Schussler, Harry"]
[Result "1/2-1/2"]
[WhiteElo "2535"]
[BlackElo "2540"]
[Annotator "ChessBase"]
[PlyCount "64"]
[EventDate "1989.11.23"]
[EventType "team-swiss"]
[EventRounds "9"]
[EventCountry "ISR"]
[SourceTitle "EU-chT"]
[Source "ChessBase"]
[SourceDate "1999.07.01"]
[SourceVersion "2"]
[SourceVersionDate "1999.07.01"]
[SourceQuality "1"]
[WhiteTeam "Israel"]
[BlackTeam "Sweden"]
[WhiteTeamCountry "ISR"]
[BlackTeamCountry "SWE"]

1. d4 Nf6 2. c4 e6 3. Nc3 d5 4. cxd5 exd5 5. Bg5 c6 6. e3 Be7 7. Qc2 Nbd7 8.
Bd3 O-O 9. Nf3 Re8 10. O-O Nf8 11. Rab1 Be6 12. b4 Rc8 13. Rfc1 N6d7 14. Bf4
Bg4 15. Nd2 Nb6 16. h3 (16. a3 $14 {Greenfeld}) 16... Bh5 17. Na4 Nxa4 18. Qxa4
Bg6 19. Bxg6 Nxg6 20. Bg3 a6 21. Qa5 $14 Qd7 22. Nb3 Bd8 23. Qa4 Bc7 24. Nc5
Qe7 25. Bxc7 Rxc7 26. Qd1 Nh4 27. a4 g6 28. b5 axb5 29. axb5 h5 30. Kh1 Ra8 31.
bxc6 bxc6 32. Ra1 Rca7 1/2-1/2

[Event "Szirak"]
[Site "Szirak"]
[Date "1986.??.??"]
[Round "?"]
[White "Smejkal, Jan"]
[Black "Flear, Glenn C"]
[Result "1-0"]
[WhiteElo "2540"]
[BlackElo "2505"]
[Annotator "ChessBase"]
[PlyCount "71"]
[EventDate "1986.09.??"]
[EventType "tourn"]
[EventRounds "13"]
[EventCountry "HUN"]
[EventCategory "12"]
[SourceTitle "MCL"]
[Source "ChessBase"]
[SourceDate "1999.07.01"]
[SourceVersion "1"]
[SourceVersionDate "1999.07.01"]
[SourceQuality "1"]

1. c4 c6 2. Nf3 Nf6 3. d4 d5 4. Nc3 e6 5. Bg5 Nbd7 6. cxd5 exd5 7. e3 Be7 8.
Qc2 O-O 9. Bd3 Re8 10. O-O Nf8 11. Rae1 Ne4 12. Bxe7 Qxe7 13. Bxe4 dxe4 14. Nd2
b6 $2 (14... f5) 15. Qa4 b5 16. Qa5 $1 (16. Qc2) 16... Bf5 (16... f5 17. f3 $16
(17. Rc1 $16)) 17. Rc1 $1 $16 {/\ Ne2-g3 >< c5, c6} Rad8 18. Ne2 Rd6 19. Rc5 $1
Qd7 20. Rfc1 Ng6 21. Ng3 Nh4 22. Nxf5 $1 Nxf5 23. Qc3 Nh4 (23... Ree6 24. Rxf5
$18) (23... Ne7 24. Nxe4 Nd5 25. Qc2 Nb4 26. Qb1 $18) 24. Rxc6 Qg4 25. g3 Rdd8
(25... Nf3+ 26. Nxf3 exf3 27. Rc8 Rdd8 28. Rxd8 Rxd8 29. Qc7 Rf8 30. Qf4 $18)
26. h3 Nf3+ (26... Qxh3 27. gxh4 Qg4+ 28. Kf1 $18) 27. Nxf3 Qxf3 28. Qb3 h5 29.
Qd1 Qf5 30. h4 Rd5 31. R1c5 Red8 32. Qb3 g5 33. Qxb5 gxh4 34. Rxd5 Rxd5 35.
Qb8+ Kh7 (35... Kg7 36. gxh4 Qg4+ 37. Qg3 $18) 36. Qf8 1-0

[Event "Match Kasparov-Andersson +2-0=4"]
[Site "Belgrade"]
[Date "1985.06.14"]
[Round "2"]
[White "Andersson, Ulf"]
[Black "Kasparov, Garry"]
[Result "1/2-1/2"]
[WhiteElo "2575"]
[BlackElo "2715"]
[Annotator "ChessBase"]
[PlyCount "87"]
[EventDate "1985.06.13"]
[EventType "match"]
[EventRounds "6"]
[EventCountry "YUG"]
[SourceTitle "MCL"]
[Source "ChessBase"]
[SourceDate "1999.07.01"]
[SourceVersion "1"]
[SourceVersionDate "1999.07.01"]
[SourceQuality "1"]

1. Nf3 d5 2. d4 Nf6 3. c4 e6 4. Nc3 c6 5. cxd5 exd5 6. Bg5 Be7 7. Qc2 g6 8. e3
Bf5 9. Bd3 Bxd3 10. Qxd3 O-O (10... Nbd7 11. Bh6 Bf8 $10) 11. Bxf6 Bxf6 12. b4
Qd6 13. Rb1 (13. b5) 13... Nd7 14. O-O Rfd8 15. Rfc1 (15. Na4 b5 $1 16. Nc5
Nxc5 17. bxc5 Qe6 18. a4 a6 $13) 15... Nb6 16. Nd2 Qe7 17. Qc2 a6 18. a4 Bg7
19. Ne2 Bh6 $1 20. Re1 (20. b5 cxb5 21. axb5 Rdc8 22. Qb2 a5 $13) 20... Qe6 21.
Nc1 $6 (21. h3 $10) 21... Nc4 $1 22. Qc3 (22. Nxc4 dxc4 23. Ne2 (23. a5 Rxd4 $1
) 23... b5 $15) 22... Nd6 23. Nd3 Bg7 24. Nc5 Qe7 25. Re2 Re8 26. Rbe1 Qc7 27.
a5 Re7 28. Qd3 Rae8 29. f3 Nf5 $1 30. g3 (30. g4 $6 Nd6 {/\ f5}) 30... h5 31.
Kg2 Qc8 32. Ndb3 (32. f4 Bf8 33. Nf3 Re4 $1 34. Ng5 Bxc5 35. bxc5 Qc7 36. Nxe4
Rxe4 $44) 32... Rd8 33. Rd1 Bf6 34. Qc3 Bg7 35. e4 $6 dxe4 36. fxe4 h4 $1 37.
g4 $2 (37. Rf2 h3+ $1 38. Kh1 Nd6 $15) 37... Nxd4 $5 (37... Nd6 38. h3 Nb5 $15)
38. Nxd4 Qxg4+ 39. Kf1 Rd6 $6 (39... h3 $1 40. Rd3 (40. Qe3 f5 $1) 40... Rd6)
40. Rd3 $2 (40. Qe3 $1 $13) 40... Qf4+ $2 (40... h3 $1 41. Rf2 Rxe4 $1 42. Nxe4
Qxe4 43. Re3 Qxd4 $1 (43... Qh1+ 44. Ke2 Bxd4 45. Re8+ Kg7 46. Qxh3 Re6+ 47.
Rxe6 Bxf2 48. Qc3+ $18) 44. Qxd4 (44. Re8+ Bf8) 44... Bxd4 45. Re8+ Kg7 46. Rf3
Bf6 $1 $19) 41. Rf2 $1 (41. Ke1 $2 Qg4 42. Kd2 Qg1 43. Ncb3 Red7 44. e5 Qg5+
45. Kc2 Bxe5 $17) 41... Qe5 42. Rfd2 (42. Ne2 $6 Qxc3 43. Rxc3 Rd1+ $1 44. Kg2
Bxc3 45. Nxc3 Rc1 46. Rf3 Kg7 47. Kh3 g5 $13) 42... Qf4+ 43. Rf2 Qe5 44. Rfd2
1/2-1/2

[Event "Sochi Chigorin Memorial"]
[Site "Sochi"]
[Date "1986.??.??"]
[Round "11"]
[White "Razuvaev, Yuri S"]
[Black "Beliavsky, Alexander G"]
[Result "1-0"]
[WhiteElo "2535"]
[BlackElo "2585"]
[Annotator "ChessBase"]
[PlyCount "93"]
[EventDate "1986.09.??"]
[EventType "tourn"]
[EventRounds "15"]
[EventCountry "URS"]
[EventCategory "12"]
[SourceTitle "MCL"]
[Source "ChessBase"]
[SourceDate "1999.07.01"]
[SourceVersion "1"]
[SourceVersionDate "1999.07.01"]
[SourceQuality "1"]

1. d4 d5 2. c4 e6 3. Nc3 Nf6 4. cxd5 exd5 5. Bg5 Be7 6. e3 O-O 7. Nf3 c6 8. Bd3
Nbd7 9. Qc2 Re8 10. O-O Nf8 11. Rae1 Be6 12. Ne5 N6d7 13. Bxe7 Rxe7 14. f4 f6
15. Nf3 Nb6 16. f5 Bf7 17. g4 Qd6 (17... Nc8 18. Qg2 Nd6 19. g5 Kh8 20. g6 Be8
21. gxh7 Bh5 22. Nh4 $14 {Smejkal,J-Morovic,I/Dubai olm/1986/}) 18. Nh4 Rae8
19. Ng2 Nc4 $1 20. Nd1 (20. Qf2 Qb4 $36) 20... Nd7 21. b3 Na3 22. Qb2 Qb4 23.
Rf4 $1 Nb5 (23... c5 24. dxc5 Qxc5 25. b4 $18) 24. Bxb5 $1 Qxb5 25. Nc3 Qb4 26.
Qd2 Nb6 27. Rd1 a5 (27... Nc8 $2 28. Nxd5 $1 $18) 28. Rf3 Nc8 29. Nf4 Nd6 30.
Rg3 Qb6 31. Rf1 Qd8 32. Nd3 a4 33. h4 (33. g5 $2 fxg5 34. Ne5 Rxe5 $1 35. dxe5
Rxe5 $17) 33... axb3 34. axb3 Ne4 35. Nxe4 dxe4 $6 (35... Rxe4 $14) 36. Nf4
Bxb3 37. g5 Kh8 38. Qg2 Qd6 39. Kh1 Rf8 40. Rg1 fxg5 41. Rxg5 Qd7 $2 (41... Bf7
$1 42. Rxg7 Qf6 43. Qh3 Qxg7 44. Rxg7 Kxg7 45. Qg4+ Kh8 46. f6 Rg8 47. Qf5 Bg6
48. Qc5 Rd7 49. h5 $16) 42. Rh5 Kg8 43. Qg5 $1 b5 44. f6 Ref7 45. Qh6 $1 g6 46.
Rxg6+ Kh8 47. Rhg5 (47. Rhg5 Be6 48. Rg7 Bf5 49. R5g6 $18) 1-0

[Event "Interzonal-13a"]
[Site "Tunis"]
[Date "1985.05.13"]
[Round "13"]
[White "Chernin, Alexander"]
[Black "Morovic Fernandez, Ivan"]
[Result "1/2-1/2"]
[WhiteElo "2495"]
[BlackElo "2450"]
[Annotator "ChessBase"]
[PlyCount "39"]
[EventDate "1985.04.27"]
[EventType "tourn"]
[EventRounds "17"]
[EventCountry "TUN"]
[EventCategory "11"]
[SourceTitle "IZT"]
[Source "ChessBase"]
[SourceDate "1999.07.01"]
[SourceVersion "1"]
[SourceVersionDate "1999.07.01"]
[SourceQuality "1"]

1. d4 d5 2. c4 e6 3. Nc3 Nf6 4. cxd5 exd5 5. Bg5 Be7 6. e3 O-O 7. Bd3 c6 8. Qc2
Nbd7 9. Nf3 Re8 10. O-O Nf8 11. a3 Bd6 12. Rae1 Bg4 $5 (12... Be7 13. Ne5 $14)
13. Nd2 (13. Ne5 $6 Bxe5 14. dxe5 Rxe5 15. f4 Rxg5 $1 16. fxg5 N6d7 17. h4 Ne5
$13) 13... Bh5 14. f4 h6 15. Bh4 Ng6 16. Bxg6 (16. Bg3 $5 Ng4 17. Nd1 $14 {
Chernin}) 16... fxg6 17. Nf3 Bxf3 18. gxf3 Kf7 19. Kh1 Qd7 20. Qg2 1/2-1/2

[Event "Interzonal-13a"]
[Site "Tunis"]
[Date "1985.05.11"]
[Round "11"]
[White "Miles, Anthony John"]
[Black "Morovic Fernandez, Ivan"]
[Result "1/2-1/2"]
[WhiteElo "2570"]
[BlackElo "2450"]
[Annotator "ChessBase"]
[PlyCount "53"]
[EventDate "1985.04.27"]
[EventType "tourn"]
[EventRounds "17"]
[EventCountry "TUN"]
[EventCategory "11"]
[SourceTitle "IZT"]
[Source "ChessBase"]
[SourceDate "1999.07.01"]
[SourceVersion "1"]
[SourceVersionDate "1999.07.01"]
[SourceQuality "1"]

1. c4 e6 2. Nc3 d5 3. d4 Nf6 4. Bg5 Be7 5. e3 O-O 6. Qc2 Nbd7 7. cxd5 exd5 8.
Bd3 Re8 9. Nge2 c6 10. O-O-O Qa5 $5 11. Kb1 b5 12. Ng3 h6 13. h4 (13. Bf4 $1 {
Shirov} Nb6 (13... g5 14. Be5 Nxe5 15. dxe5 Ng4 16. h4 gxh4 17. Bh7+ Kh8 18.
Bf5 Nxe5 19. Bxc8 Raxc8 20. Nf5 $44) 14. Nge2 Nc4 15. Ka1 $14 {Shirov}) 13...
Nb6 14. Bxf6 Bxf6 15. Nf5 Bxf5 16. Bxf5 Nc4 $10 17. Ne2 c5 18. g4 cxd4 19. Nxd4
Qb4 20. Ka1 g6 21. Bd3 Rac8 22. Qb3 Qc5 23. g5 hxg5 24. hxg5 Bg7 25. Qc2 Qb6
26. Bxc4 dxc4 27. Kb1 1/2-1/2